000 00457nam a22001817a 4500
001 113392
003 DR-UNIBE
005 20250407145238.0
008 250328b1997 pe ||||| |||| 00| 0 spa d
040 _aBIBLIOTECA UNIBE
_cBIBLIOTECA UNIBE
_erda
041 _aspa
082 _a347 C669p
245 _aCódigo procesal civil
260 _aLima :
_bEditora Perú,
_c1997
300 _a357 páginas
650 7 _2lemb
_aDerecho civil
942 _2ddc
_cBK
999 _c113392
_d113392